000 00603nam a2200193 4500
008 260612b |||||||| |||| 00| 0 eng d
020 _a9781498799539
050 _aRA407
_b.I53 2018
100 _aIndrayan Abhaya
245 _aMedical Biostatistics /
_cAbhaya Indrayan...[et al.].
250 _a4th ed.
260 _aUSA. :
_bCRC Press,
_c2018.
300 _axxxviii, 720p. :
_bill. ;
_c25cm.
504 _aIncludes bibliography references and index
650 _aBiostatistics.
650 _aBiometry.
700 _aMalhotra Rajeev Kumar
942 _2lcc
_cBOOKS
_hRA407 .I53 2018
999 _c32530
_d32530